000 00503nam a22001937a 4500
003 MPLRDC
005 20220104143021.0
008 210129b ||||| |||| 00| 0 eng d
020 _a7-104-02578-8
082 _a859.6 SJWX-2 v.8
100 _a伊索
245 _a伊索寓言
_c万亭、武文胜 译
250 _a一版一刷
260 _a中国
_b中国戏剧出版社
_c2007
300 _b212
490 _a世界文学名著精品
650 _a儿童故事
942 _cBK
_o859.6 SJWX-2 v.8
999 _c35822
_d35812